| 000 | 00418nam a22001457a 4500 | ||
|---|---|---|---|
| 005 | 20250506142938.0 | ||
| 008 | 250506b |||||||| |||| 00| 0 eng d | ||
| 020 | _a9788121920902 | ||
| 050 |
_aHF5415 _bNEG |
||
| 100 | _aNegi, Jagmohan | ||
| 245 | _aMarketing and sales strategies for hostels and travel trade | ||
| 260 |
_aNew York _bS. Chand and Company ltd _cc2002 |
||
| 300 |
_axvi,374p.; _bill; |
||
| 942 |
_2lcc _cBK _n0 |
||
| 999 |
_c5677 _d5677 |
||